000 00675 a2200241 4500
502 _aThèse de Doctorat
260 _aWageningen
653 1 _aAgronomie
100 _aVISSER, Johannes Heinrich
041 _bEn
260 _bUniversité de Wageningen
300 _a124 p.
245 _aCloning and application of epoxide hydrolases from yeasts
300 _bIll., Couv. ill. ; 24 cm
260 _c01 Mars 2002
130 _lEn
040 _aSupport
041 _bEn
653 1 _aNutrition et Sciences Alimentaires
100 _uAbomey-Calavi, Université d'Abomey-Calavi, Faculté des Sciences Agronomiques, Bj
020 _a90-5808-590-2
999 _c31820
_d31820